Planting Method of dry season mungbeaan on rainfed lowland environment,(វិធីសាស្រ្តដំាដុះសណ្ដែកបាយនៅរដូវប្រាំងក្នុងបរិស្ថានតំបន់ទនាបអាស្រ័យទឹកភ្លៀង) (Record no. 519)

000 -LEADER
fixed length control field 00653nam a22001577a 4500
003 - CONTROL NUMBER IDENTIFIER
control field OSt
005 - DATE AND TIME OF LATEST TRANSACTION
control field 20150915161411.0
008 - FIXED-LENGTH DATA ELEMENTS--GENERAL INFORMATION
fixed length control field 150915b xxu||||| |||| 00| 0 eng d
040 ## - CATALOGING SOURCE
Transcribing agency RUA
082 ## - DEWEY DECIMAL CLASSIFICATION NUMBER
Classification number AGR HOR 2003 B029 Or.1
100 ## - MAIN ENTRY--PERSONAL NAME
9 (RLIN) 540
Personal name HOR SARANA
245 ## - TITLE STATEMENT
Title Planting Method of dry season mungbeaan on rainfed lowland environment,(វិធីសាស្រ្តដំាដុះសណ្ដែកបាយនៅរដូវប្រាំងក្នុងបរិស្ថានតំបន់ទនាបអាស្រ័យទឹកភ្លៀង)
260 ## - PUBLICATION, DISTRIBUTION, ETC. (IMPRINT)
Place of publication, distribution, etc. phnom penh
Name of publisher, distributor, etc. RUA
Date of publication, distribution, etc. 2003
300 ## - PHYSICAL DESCRIPTION
Extent 45p.
Dimensions ill.
Size of unit 29cm.
942 ## - ADDED ENTRY ELEMENTS (KOHA)
Source of classification or shelving scheme
Koha item type AGR
Holdings
Price effective from Date last seen Permanent Location Not for loan Date acquired Source of classification or shelving scheme Koha item type Lost status Damaged status Withdrawn status Current Location Full call number
2015-09-152015-09-15Library Block B 2015-09-15 AGR   Library Block BAGR HOR 2003 B029 Or.1
2017-08-132017-08-13Library Block B 2017-08-13 AGR   Library Block BAGR HOR 2003 B029 Or.1
មជ្ឈមណ្ឌលឯការនៃសាកលវិទ្យាល័យភូមិន្ទកសិកម្មចំការដូង

Powered by Koha